000 01193nam a22002537a 4500
005 20170124102939.0
010 _aB-068381
020 _c200.00
035 _aB-068381
037 _bCen Lib/Ret
040 _aDPL
_bHN
082 _a828
_bप्रकाश
100 _aप्रकाश, स्वंय
_947748
245 _aरंगशाला में एक दोपहर :
_cस्वंय प्रकाश
_bलेख-संग्रह /
246 _aRangshala me ek dopahar : lekh sangreh /
_bby Swem Prakash
260 _aनई दिल्ली
_bसामयिक प्रकाशन
_c2002
270 _bनई दिल्ली
_a3320-21, जतवाड़ा, नेताजी सुभाष मार्ग, दरियागंज
_e110002
300 _a192पृ.
_c21सेमी (सजिल्द)
650 _aहिन्दी -- साहित्य
_947749
650 _aहिन्दी -- लेख -- संग्रह
_947750
650 _aHindi -- literature
_947751
650 _aHindi - articles - archive
_947752
942 _2ddc
_cHN
_h828
_mप्रकाश
999 _c112473
_d112473